000
00299nam a2200133Ia 4500
008
231129s1967||||xx |||||||||||||| ||spa||
040
_b
spa
082
_a
E863.64 R116m
100
_a
Rabinad Antonio
245
0
_a
El nino asombrado
260
_c
1967
264
_a
Seix Barral
942
_2
ddc
_c
BKS
999
_c
11843
_d
11843